Social housing in transition countries (Record no. 12448)

MARC details
000 -LEADER
fixed length control field 03218nam a2200397Ia 4500
001 - CONTROL NUMBER
control field 9780203095904
003 - CONTROL NUMBER IDENTIFIER
control field BD-DhSAU
005 - DATE AND TIME OF LATEST TRANSACTION
control field 20151012151718.0
006 - FIXED-LENGTH DATA ELEMENTS--ADDITIONAL MATERIAL CHARACTERISTICS
fixed length control field a|||||s|||||||||||
007 - PHYSICAL DESCRIPTION FIXED FIELD--GENERAL INFORMATION
fixed length control field cr||||
008 - FIXED-LENGTH DATA ELEMENTS--GENERAL INFORMATION
fixed length control field 121031s2013 nyuabd sb 001 0 eng d
020 ## - INTERNATIONAL STANDARD BOOK NUMBER
International Standard Book Number 9780203095904 (e-book : PDF)
040 ## - CATALOGING SOURCE
Original cataloging agency BD-DhSAU
Transcribing agency BD-DhSAU
043 ## - GEOGRAPHIC AREA CODE
Geographic area code ee-----
090 ## - LOCALLY ASSIGNED LC-TYPE CALL NUMBER (OCLC); LOCAL CALL NUMBER (OCLC)
Classification number (OCLC) (R) ; Classification number, CALL (RLIN) (NR) HD7288.78.E86
Local cutter number (OCLC) ; Book number/undivided call number, CALL (RLIN) S63 2013
092 ## - LOCALLY ASSIGNED DEWEY CALL NUMBER (OCLC)
Classification number 363.50947
Item number S678
245 00 - TITLE STATEMENT
Title Social housing in transition countries
Medium [electronic resource] /
Statement of responsibility, etc. edited by Jãaozsef Hegedáeus, Martin Lux and Nãaora Teller.
250 ## - EDITION STATEMENT
Edition statement 1st ed.
260 ## - PUBLICATION, DISTRIBUTION, ETC. (IMPRINT)
Place of publication, distribution, etc. New York, N.Y. :
Name of publisher, distributor, etc. Routledge,
Date of publication, distribution, etc. 2013.
300 ## - PHYSICAL DESCRIPTION
Extent xii, 342 p. :
Other physical details ill., maps.
490 1# - SERIES STATEMENT
Series statement Routledge studies in health and social welfare ;
Volume/sequential designation 10
504 ## - BIBLIOGRAPHY, ETC. NOTE
Bibliography, etc Includes bibliographical references and index.
505 0# - FORMATTED CONTENTS NOTE
Formatted contents note 1. The transformation of the social housing sector in Eastern Europe : a conceptual framework / Jãaozsef Hegedáeus -- 2. Housing privatization and restitution / Jãaozsef Hegedáeus -- 3. Financing social housing / Wolfgang Amman ... [et al.] -- 4. Rent regulation and housing allowances / Martin Lux and Alexandr Puzanov -- 5. Social landlords and social housing management / Jãaozsef Hegedáeus and Nãaora Teller -- 6. Housing exclusion of the Roma : living on the edge / Catalin Berescu, Mina Petroviãac, and Nãaora Teller -- 7. Bosnia and Herzegovina : limits of the human rights approach to social housing / Jãaozsef Hegedáeus, Gorana Stjepanovic and Nãaora Teller -- 8. Croatia : the social housing search delayed by postwar reconstruction / Gojko Beâezovan -- 9. The Czech Republic : locked between municipal and social housing / Martin Lux -- 10. Estonia : residualization of social housing and the new programs / Anneli Káeahrik and Jáeuri Kèaore -- 11. Hungary : ideas and plans without political will / Jãaozsef Hegedáeus -- 12. Poland : old problems and new dilemmas / Alina Muzio«-Wänec«awowicz -- 13. Romania : the national housing agency : a key stakeholder in housing policy / Wolfgang Amann, Ioan Bejan, and Alexis Mundt -- 14. Russia : the persistence of the socialist legacy? / Alexandr Puzanov -- 15. Serbia : a patchwork of local options / Mina Petroviãac -- 16. Slovakia : on the way to the stable social housing concept / Marek Hojsãaik -- 17. Slovenia : the social housing sector in search of an identity / Andreja Cirman and Srna Mandiâec -- 18. The Ukraine : waiting lists without housing / Irina Zapatrina -- 19. New social housing strategies in post-socialist states : effectiveness, efficiency, and sustainability / Martin Lux and Petr Sunega.
530 ## - ADDITIONAL PHYSICAL FORM AVAILABLE NOTE
Additional physical form available note Also available in print edition.
538 ## - SYSTEM DETAILS NOTE
System details note Mode of access: World Wide Web.
650 #0 - SUBJECT ADDED ENTRY--TOPICAL TERM
Topical term or geographic name as entry element Public housing
Geographic subdivision Europe, Eastern.
650 #0 - SUBJECT ADDED ENTRY--TOPICAL TERM
Topical term or geographic name as entry element Housing policy
Geographic subdivision Europe, Eastern.
651 #0 - SUBJECT ADDED ENTRY--GEOGRAPHIC NAME
Geographic name Former communist countries
General subdivision Social policy
Form subdivision Case studies.
655 #7 - INDEX TERM--GENRE/FORM
Genre/form data or focus term Electronic books.
Source of term lcsh
700 1# - ADDED ENTRY--PERSONAL NAME
Personal name Hegedus, Jozsef,
Dates associated with a name 1951-
700 1# - ADDED ENTRY--PERSONAL NAME
Personal name Lux, Martin.
700 1# - ADDED ENTRY--PERSONAL NAME
Personal name Teller, Nãaora.
776 1# - ADDITIONAL PHYSICAL FORM ENTRY
International Standard Book Number 9780415890144 (hardback)
830 #0 - SERIES ADDED ENTRY--UNIFORM TITLE
Uniform title Routledge studies in health and social welfare ;
Volume number/sequential designation 10.
856 40 - ELECTRONIC LOCATION AND ACCESS
Uniform Resource Identifier <a href="http://www.tandfebooks.com/isbn/9780203095904">http://www.tandfebooks.com/isbn/9780203095904</a>

No items available.